000 01232nam a2200313Ia 4500
001 ebr10434999
003 CaPaEBR
006 m u
007 cr cn|||||||||
008 110110s2010 mdu sb 001 0 eng d
010 _z 2010930634
020 _z9780761852728
020 _z9780761852735
040 _aCaPaEBR
_cCaPaEBR
035 _a(OCoLC)698590227
050 1 4 _aLC205
_b.M47 2010eb
100 1 _aMorales, Erik E.
245 1 2 _aA focus on hope
_h[electronic resource] :
_bfifty resilient students speak /
_cErik E. Morales, Frances K. Trotman.
260 _aLanham, MD :
_bUniversity Press of America,
_c2010.
300 _a94 p.
504 _aIncludes bibliographical references and index.
533 _aElectronic reproduction.
_bPalo Alto, Calif. :
_cebrary,
_d2011.
_nAvailable via World Wide Web.
_nAccess may be limited to ebrary affiliated libraries.
650 0 _aStudents
_zUnited States
_xSocial conditions.
650 0 _aResilience (Personality trait)
650 0 _aAcademic achievement.
655 7 _aElectronic books.
_2local
710 2 _aebrary, Inc.
856 4 0 _uhttp://site.ebrary.com/lib/rucke/Doc?id=10434999
_zAn electronic book accessible through the World Wide Web; click to view
999 _c148705
_d148705